The general in his labyrinth / (Record no. 350167)
[ view plain ]
| 000 -LEADER | |
|---|---|
| fixed length control field | 00966cam a2200313 a 4500 |
| 001 - CONTROL NUMBER | |
| control field | 7834467 |
| 003 - CONTROL NUMBER IDENTIFIER | |
| control field | OSt |
| 005 - DATE AND TIME OF LATEST TRANSACTION | |
| control field | 20180116183009.0 |
| 008 - FIXED-LENGTH DATA ELEMENTS--GENERAL INFORMATION | |
| fixed length control field | 031009m19901989nyub 000 f eng |
| 020 ## - INTERNATIONAL STANDARD BOOK NUMBER | |
| International Standard Book Number | 0140148590 |
| 035 ## - SYSTEM CONTROL NUMBER | |
| System control number | (OCoLC)649688481 |
| 035 ## - SYSTEM CONTROL NUMBER | |
| System control number | (OCoLC)ocn649688481 |
| 035 ## - SYSTEM CONTROL NUMBER | |
| System control number | (NNC)7834467 |
| 040 ## - CATALOGING SOURCE | |
| Original cataloging agency | NNC |
| Transcribing agency | NNC |
| 041 1# - LANGUAGE CODE | |
| Language code of text/sound track or separate title | eng |
| Language code of original | spa |
| 050 00 - LIBRARY OF CONGRESS CALL NUMBER | |
| Classification number | PQ8180.17.A73 |
| Item number | G413 1990 |
| 082 ## - DEWEY DECIMAL CLASSIFICATION NUMBER | |
| Classification number | 863 SIM 1990 |
| 100 1# - MAIN ENTRY--PERSONAL NAME | |
| Personal name | García Márquez, Gabriel, |
| Dates associated with a name | 1927-2014. |
| 245 14 - TITLE STATEMENT | |
| Title | The general in his labyrinth / |
| Statement of responsibility, etc. | Gabriel García Márquez ; translated from the Spanish by Edith Grossman. |
| 260 ## - PUBLICATION, DISTRIBUTION, ETC. | |
| Place of publication, distribution, etc. | New York : |
| Name of publisher, distributor, etc. | Penguin Books, |
| Date of publication, distribution, etc. | 1990. |
| 300 ## - PHYSICAL DESCRIPTION | |
| Extent | 285 p. : |
| Other physical details | 1 map ; |
| Dimensions | 21 cm. |
| 600 10 - SUBJECT ADDED ENTRY--PERSONAL NAME | |
| Personal name | Bolívar, Simón, |
| Dates associated with a name | 1783-1830 |
| Form subdivision | Fiction. |
| 650 #0 - SUBJECT ADDED ENTRY--TOPICAL TERM | |
| Topical term or geographic name entry element | Heads of state |
| Geographic subdivision | South America |
| Form subdivision | Fiction. |
| 700 1# - ADDED ENTRY--PERSONAL NAME | |
| Personal name | Grossman, Edith, |
| Dates associated with a name | 1936- |
| 942 ## - ADDED ENTRY ELEMENTS (KOHA) | |
| Source of classification or shelving scheme | |
| Koha item type | Book |
| 948 1# - LOCAL PROCESSING INFORMATION (OCLC); SERIES PART DESIGNATOR (RLIN) | |
| Series part designator, SPT (RLIN) | 20100708 |
| b (OCLC) | o |
| c (OCLC) | vt2130 |
| d (OCLC) | MPS |
| 948 2# - LOCAL PROCESSING INFORMATION (OCLC); SERIES PART DESIGNATOR (RLIN) | |
| Series part designator, SPT (RLIN) | 20100917 |
| b (OCLC) | a |
| c (OCLC) | sl13 |
| d (OCLC) | MPS |
| Withdrawn status | Lost status | Source of classification or shelving scheme | Damaged status | Not for loan | Collection code | Permanent Location | Current Location | Shelving location | Date acquired | Total Checkouts | Full call number | Barcode | Date last seen | Date last checked out | Price effective from | Koha item type |
|---|---|---|---|---|---|---|---|---|---|---|---|---|---|---|---|---|
| Central Library (CL) | Central Library (CL) | Fiction | 08/25/2015 | 4 | 863 SIM 1990 | NBSD-2103 | 09/30/2021 | 06/29/2019 | 08/25/2015 | Book |
